Flagi państw z dominującym kolorem czarnym - Statystyki

Ogólne statystyki
  • Ten quiz został rozwiązany 40 razy
  • Średni wynik to 12 z 14
Statystyki odpowiedzi
Obrazkowy Odpowiedź % Poprawnych
Belgia
97%
Estonia
97%
Jamajka
97%
Niemcy
97%
Egipt
95%
Kenia
89%
Syria
86%
Angola
84%
Irak
84%
Jemen
81%
Uganda
81%
Papua-Nowa Gwinea
78%
Libia
76%
Tanzania
70%
Nie znaleziono quizów pasujących do podanych kryteriów
Rozkład punktacji
Procent ludzi z każdym wynikiem
Percentyl według liczby udzielonych odpowiedzi
Twoja historia wyników
Nie rozwiązałeś tego quizu